| 000 | 00334nam a22001337a 4500 | ||
|---|---|---|---|
| 008 | 171106b xxu||||| |||| 00| 0 eng d | ||
| 020 | _a9780073127132 | ||
| 041 | _aeng | ||
| 080 |
_23RD _a330.722.6 |
||
| 100 | _a62 | ||
| 101 | _aKON | ||
| 245 |
_aFINANCIAL STATEMENET ANALYSIS AND SECURITY VALUATION _cPENMAN,S.H |
||
| 942 |
_2udc _cBK |
||
| 999 |
_c37943 _d37943 |
||